00201 a2200097 4500001000700000040001100007100001700018240003300035245002800068300000700096194984 cMagnum aKinney, Jeff10aO diário de um Bananalpor10aO diário de um Banana a33